000 00648nam a2200277Ia 4500
005 20260324140535.0
008 008 260324s9999 xx 000 0 eng d
020 _a9781315827681
037 _aEBOOK
040 _aCRL
040 _beng
040 _cCRL
041 _2eng
041 _aeng
084 _qCRL
100 _aRose Dobrof; Harry R Moody; Robert Disch
_91204787
245 0 _aDignity and Old Age
260 _bTaylor and Francis
260 _c1998
365 _a
365 _b195
856 _uhttp://www.taylorfrancis.com/books/9781315827681
942 _cEBOOK
999 _c1806972
_d1806972